[Event "XXVII Festival Conca della Presolana A"]
[Site "Bratto - Castione della Presolana ITA"]
[Date "2007.08.31"]
[Round "9"]
[White "Kilpatrick, Callum"]
[Black "Mogranzini, Roberto"]
[Result "1/2-1/2"]
[WhiteElo "2120"]
[BlackElo "2411"]
[PlyCount "129"]
[EventDate "2007.08.23"]

1. e4 c5 2. Nf3 e6 3. d4 cxd4 4. Nxd4 a6 5. Bd3 Qc7 6. O-O Nf6 7. Qe2 d6 8. c4
g6 9. b3 Bg7 10. Bb2 O-O 11. Nd2 e5 12. Nc2 Nc6 13. Rac1 Qe7 14. b4 Nh5 15. g3
Bh3 16. Rfd1 Nf4 17. Qe3 Ne6 18. Bf1 Bxf1 19. Nxf1 Ned4 20. a3 Qe6 21. Qd3 Qg4
22. Nxd4 exd4 23. f3 Qe6 24. Kg2 Rac8 25. Nd2 Rc7 26. b5 axb5 27. cxb5 Ne5 28.
Qxd4 Rfc8 29. Qe3 Ng4 30. fxg4 Bxb2 31. Rxc7 Rxc7 32. a4 Qxg4 33. Qf3 Qe6 34.
Qb3 Qg4 35. Rf1 Be5 36. a5 Qd7 37. a6 bxa6 38. bxa6 Qc8 39. Qb6 Rc2 40. Rf2 Rc6
41. Qb3 Rc7 42. Qa4 Ra7 43. Nc4 Rxa6 44. Qb5 Bd4 45. Rd2 Bc5 46. e5 dxe5 47.
Nxe5 Be7 48. Nf3 Bf6 49. Qd3 Re6 50. Re2 Rc6 51. Qe4 Kg7 52. Rd2 Re6 53. Qd3
Qb7 54. Re2 Rb6 55. Rd2 Rb3 56. Qd5 Qxd5 57. Rxd5 Rb2+ 58. Rd2 Rxd2+ 59. Nxd2
Bd4 60. g4 f5 61. gxf5 gxf5 62. Kf3 Be5 63. Nc4 Bxh2 64. Ne3 Kg6 65. Nxf5
1/2-1/2

[Event "XXVII Festival Conca della Presolana A"]
[Site "Bratto - Castione della Presolana ITA"]
[Date "2007.08.31"]
[Round "9"]
[White "Mazzariol, Oscar"]
[Black "Lampl, Gerald"]
[Result "0-1"]
[WhiteElo "2035"]
[BlackElo "2099"]
[PlyCount "50"]
[EventDate "2007.08.23"]

1. d4 Nf6 2. c4 e6 3. Nc3 Bb4 4. a3 Bxc3+ 5. bxc3 b6 6. f3 c5 7. e4 d6 8. Bd3
Nc6 9. Be3 O-O 10. Ne2 Ba6 11. Ng3 Na5 12. Qe2 Qe8 13. a4 cxd4 14. cxd4 Rc8 15.
e5 dxe5 16. dxe5 Nd7 17. Bd2 Nb3 18. Ra2 Ndc5 19. Bb1 Nxd2 20. Rxd2 Qxa4 21.
Rd4 Rfd8 22. Rh4 Qb4+ 23. Kf1 Qxb1+ 24. Kf2 Nd3+ 25. Ke3 Qb3 0-1

[Event "XXVII Festival Conca della Presolana A"]
[Site "Bratto - Castione della Presolana ITA"]
[Date "2007.08.31"]
[Round "9"]
[White "Miatello, Alberto"]
[Black "Testa, Adriano"]
[Result "0-1"]
[WhiteElo "2062"]
[BlackElo "1927"]
[PlyCount "114"]
[EventDate "2007.08.23"]

1. e4 c6 2. d4 d5 3. e5 Bf5 4. Nf3 e6 5. c4 Ne7 6. Nc3 Nd7 7. cxd5 cxd5 8. Bd3
Bxd3 9. Qxd3 h6 10. O-O a6 11. Bd2 Nb6 12. b3 Nc6 13. a3 Be7 14. Rfc1 Qd7 15.
Nd1 O-O 16. Ne3 Rfc8 17. h4 Qd8 18. g3 Nd7 19. Kg2 Qf8 20. b4 f5 21. exf6 Nxf6
22. Ne5 Nxe5 23. dxe5 Nd7 24. Qd4 Qf7 25. f4 Bd8 26. Rf1 Bb6 27. Qd3 Bxe3 28.
Bxe3 h5 29. Bd4 g6 30. Rac1 Qf5 31. Qxf5 gxf5 32. Kf2 Kf7 33. Ke3 Ke8 34. Kd3
Kd8 35. Bc5 Rc6 36. Rc3 Rac8 37. Rfc1 Nxc5+ 38. bxc5 b6 39. Kd4 bxc5+ 40. Rxc5
Rxc5 41. Rxc5 Rxc5 42. Kxc5 Kc7 43. a4 Kd7 44. Kb4 Kc7 45. Kc5 Kb7 46. Kd6 d4
47. Kxe6 d3 48. Kf7 d2 49. e6 d1=Q 50. e7 Qxa4 51. Kf8 Qb4 52. Kf7 Qc4+ 53. Kf8
Qc5 54. Kf7 Qd5+ 55. Kf8 Qd6 56. Kf7 Qd7 57. Kf8 a5 0-1

[Event "XXVII Festival Conca della Presolana A"]
[Site "Bratto - Castione della Presolana ITA"]
[Date "2007.08.31"]
[Round "9"]
[White "Moncelli, Giorgio"]
[Black "Ranfagni, Stefano"]
[Result "1/2-1/2"]
[WhiteElo "2147"]
[BlackElo "2031"]
[PlyCount "116"]
[EventDate "2007.08.23"]

1. d4 e6 2. Nf3 f5 3. g3 Nf6 4. Bg2 Be7 5. O-O O-O 6. c4 d6 7. Nc3 Nc6 8. d5
exd5 9. cxd5 Ne5 10. Nd4 a6 11. Qc2 Qe8 12. Nxf5 Bxf5 13. Qxf5 Nfg4 14. Qc2
Nxh2 15. Re1 Qh5 16. f4 Nhg4 17. Ne4 Qh2+ 18. Kf1 Bh4 19. Qc3 Bf6 20. Be3 Nxe3+
21. Qxe3 Ng4 22. Qg1 Qxg1+ 23. Kxg1 Bd4+ 24. Kh1 Rae8 25. Ng5 Rf6 26. Bh3 Rh6
27. Kg2 Ne3+ 28. Kf3 Nxd5 29. Rad1 c5 30. e4 Nc7 31. b4 b6 32. Bf1 Rh2 33. Bc4+
Kf8 34. Re2 Rxe2 35. Nxh7+ Ke7 36. Kxe2 b5 37. Bb3 Rh8 38. Ng5 Rh2+ 39. Kf3 Bf6
40. e5 dxe5 41. bxc5 exf4 42. gxf4 Bxg5 43. fxg5 Rh3+ 44. Kg4 Rc3 45. Rf1 Rxc5
46. Rf7+ Kd6 47. Rxg7 a5 48. g6 a4 49. Bf7 Ke7 50. Rg8 Kf6 51. Rd8 b4 52. Rd6+
Kg7 53. Rb6 Rb5 54. Rc6 Rb7 55. Kg5 b3 56. axb3 axb3 57. Bxb3 Rb5+ 58. Kg4 Rxb3
1/2-1/2

[Event "XXVII Festival Conca della Presolana A"]
[Site "Bratto - Castione della Presolana ITA"]
[Date "2007.08.31"]
[Round "9"]
[White "Pagnoncelli, Marco"]
[Black "Gallucci, Alessio"]
[Result "1-0"]
[WhiteElo "2129"]
[BlackElo "2006"]
[PlyCount "69"]
[EventDate "2007.08.23"]

1. e4 c5 2. Nf3 d6 3. d4 cxd4 4. Nxd4 Nf6 5. Nc3 g6 6. Be3 Bg7 7. f3 O-O 8. Qd2
Nc6 9. Bc4 Bd7 10. O-O-O Rc8 11. Bb3 Ne5 12. g4 b5 13. h4 b4 14. Nd5 a5 15. Bh6
a4 16. Bxg7 axb3 17. Bxf6 bxa2 18. Qh6 a1=Q+ 19. Kd2 Rxc2+ 20. Ke3 Re2+ 21. Kf4
exf6 22. Rxa1 Rf2 23. Ra8 Nxg4 24. Rxd8 Rxd8 25. Nxf6+ Nxf6 26. Qg5 Kg7 27. b3
Ra8 28. Ke3 Raa2 29. Qg3 Rfd2 30. Qxd6 Bb5 31. Qe5 Be2 32. h5 Rd3+ 33. Kf4 h6
34. hxg6 Bd1 35. Nf5+ 1-0

[Event "XXVII Festival Conca della Presolana A"]
[Site "Bratto - Castione della Presolana ITA"]
[Date "2007.08.31"]
[Round "9"]
[White "Parodi, Alessandro"]
[Black "Griffa, Roberto"]
[Result "1-0"]
[WhiteElo "1961"]
[BlackElo "2121"]
[PlyCount "61"]
[EventDate "2007.08.23"]

1. d4 d5 2. Nf3 c5 3. c4 e6 4. Nc3 Nc6 5. cxd5 exd5 6. g3 Nf6 7. Bg2 cxd4 8.
Nxd4 Be7 9. O-O O-O 10. Bg5 h6 11. Bxf6 Bxf6 12. Nxc6 bxc6 13. Qc2 Qa5 14. Rac1
Be6 15. e3 Rfd8 16. Rfd1 Rab8 17. Na4 c5 18. b3 c4 19. bxc4 dxc4 20. Bc6 Rxd1+
21. Rxd1 c3 22. Rc1 Rd8 23. Nxc3 Bxc3 24. Qxc3 Qxa2 25. Be4 Bh3 26. Qc7 Qd2 27.
Bf3 a5 28. Qc2 Qb4 29. Bg2 Rd2 30. Qb1 Bxg2 31. Rc8+ 1-0

[Event "XXVII Festival Conca della Presolana A"]
[Site "Bratto - Castione della Presolana ITA"]
[Date "2007.08.31"]
[Round "9"]
[White "Piemonti, Carlo"]
[Black "Massironi, Marco"]
[Result "0-1"]
[WhiteElo "2029"]
[BlackElo "2129"]
[PlyCount "80"]
[EventDate "2007.08.23"]

1. e4 c5 2. Nf3 d6 3. Bb5+ Bd7 4. Bxd7+ Qxd7 5. c4 Nf6 6. Nc3 Nc6 7. d4 cxd4 8.
Nxd4 g6 9. f3 Bg7 10. Be3 Rc8 11. b3 a6 12. Rc1 O-O 13. O-O Ne5 14. Qd2 Rfe8
15. Kh1 Qd8 16. Nd5 Nfd7 17. Bg5 Nc5 18. Rce1 Ned3 19. b4 Nxe1 20. bxc5 dxc5
21. Bxe7 Rxe7 22. Nxe7+ Qxe7 23. Nb3 Nxf3 24. gxf3 Rd8 25. Qe3 Bd4 26. Qf4 Be5
27. Qe3 Bd4 28. Qf4 b6 29. Rd1 Bf6 30. Rd5 Rxd5 31. cxd5 Be5 32. Qg4 Qc7 33.
Qg1 c4 34. Nd4 Qc5 35. Nc6 Bd6 36. Qd1 c3 37. e5 c2 38. Qc1 Qxd5 39. Qxc2 Qxf3+
40. Qg2 Qd1+ 0-1

[Event "XXVII Festival Conca della Presolana A"]
[Site "Bratto - Castione della Presolana ITA"]
[Date "2007.08.31"]
[Round "9"]
[White "Podini, Francesco"]
[Black "Salmoiraghi, Angelo"]
[Result "0-1"]
[WhiteElo "2075"]
[BlackElo "2031"]
[PlyCount "54"]
[EventDate "2007.08.23"]

1. e4 Nc6 2. d4 d5 3. e5 f6 4. exf6 exf6 5. Bd3 Be6 6. Nf3 Qd7 7. Nc3 Nge7 8.
Be3 Nf5 9. Qd2 Be7 10. a3 O-O-O 11. O-O-O Nxe3 12. Qxe3 Rde8 13. h3 Bd6 14. Qd2
g5 15. Ne2 Ne7 16. Qa5 Kb8 17. Nc3 c6 18. Na4 b6 19. Qc3 c5 20. dxc5 Bf4+ 21.
Kb1 Qxa4 22. Qxf6 Nc6 23. Rhe1 Rhf8 24. Qh6 g4 25. Qg7 Rf7 26. Rxe6 Rxg7 27.
Rxe8+ Kc7 0-1

[Event "XXVII Festival Conca della Presolana A"]
[Site "Bratto - Castione della Presolana ITA"]
[Date "2007.08.31"]
[Round "9"]
[White "Poletti, Fausto"]
[Black "Tommaselli, Giacomo"]
[Result "1/2-1/2"]
[WhiteElo "2012"]
[BlackElo "2030"]
[PlyCount "207"]
[EventDate "2007.08.23"]

1. Nf3 Nf6 2. g3 b6 3. Bg2 Bb7 4. O-O g6 5. c4 c5 6. d4 cxd4 7. Qxd4 Bg7 8. Nc3
O-O 9. Qh4 Re8 10. Bg5 Na6 11. Rfd1 Nc5 12. Nd4 Bxg2 13. Kxg2 Rc8 14. Rac1 Qc7
15. f3 Ne6 16. Nd5 Qe5 17. Bxf6 exf6 18. e3 Nc7 19. Nxc7 Rxc7 20. e4 a6 21. Qf4
Rec8 22. b3 b5 23. Qxe5 fxe5 24. Ne2 bxc4 25. b4 Rb8 26. a3 a5 27. bxa5 Rb2 28.
Kf1 Bf8 29. Rd5 Bxa3 30. Ra1 Bb4 31. a6 Ra7 32. Rb5 c3 33. Rb7 c2 34. Ra4 Rb1+
35. Kg2 Bc5 36. Rxa7 Bxa7 37. Rc4 Ra1 38. Rxc2 Rxa6 39. Rc8+ Kg7 40. Nc3 Rc6
41. Ra8 Rxc3 42. Rxa7 Rc2+ 43. Kh3 Rd2 44. Ra5 Kf6 45. g4 h6 46. Kg3 Ke6 47. h4
f6 48. Ra8 Kf7 49. Rh8 Kg7 50. Rd8 h5 51. gxh5 gxh5 52. Ra8 d5 53. exd5 Rxd5
54. Re8 Rd7 55. Kf2 Kg6 56. Kg3 Rg7 57. Rh8 Rh7 58. Ra8 Kf5 59. Rg8 Rh6 60. Ra8
Rg6+ 61. Kf2 Rg7 62. Rh8 Kg6 63. Ra8 Rb7 64. Kg3 Rb3 65. Ra4 Rd3 66. Rb4 Rd4
67. Rb5 e4 68. fxe4 Rxe4 69. Rb8 Rg4+ 70. Kh3 Ra4 71. Kg3 Kf7 72. Rb5 Kg6 73.
Rb8 Ra5 74. Kf4 Rf5+ 75. Kg3 Rf1 76. Kg2 Ra1 77. Kg3 Ra3+ 78. Kg2 Kf5 79. Rb4
Re3 80. Rb6 Re6 81. Rb5+ Re5 82. Rb6 Re4 83. Kg3 Rg4+ 84. Kh3 Kg6 85. Ra6 Rg1
86. Rb6 Rf1 87. Kg3 Ra1 88. Kh3 Ra5 89. Kg3 Kf5 90. Rb3 Rc5 91. Rf3+ Ke6 92.
Ra3 Rb5 93. Re3+ Kf5 94. Rf3+ Ke5 95. Re3+ Kd4 96. Rf3 Ke5 97. Re3+ Kf5 98.
Rf3+ Ke5 99. Re3+ Kd4 100. Rf3 Ke5 101. Re3+ Kf5 102. Rf3+ Ke6 103. Re3+ Re5
104. Ra3 1/2-1/2

[Event "XXVII Festival Conca della Presolana A"]
[Site "Bratto - Castione della Presolana ITA"]
[Date "2007.08.31"]
[Round "9"]
[White "Romanishin, Oleg M."]
[Black "Spassov, Liuben D."]
[Result "1/2-1/2"]
[WhiteElo "2546"]
[BlackElo "2383"]
[PlyCount "51"]
[EventDate "2007.08.23"]

1. d4 Nf6 2. Nf3 e6 3. g3 c5 4. Bg2 cxd4 5. Nxd4 a6 6. O-O Qc7 7. e4 Nc6 8.
Nxc6 dxc6 9. a4 a5 10. Be3 e5 11. h3 Be6 12. Qe2 Nd7 13. Rd1 Be7 14. Na3 O-O
15. Kh2 Nc5 16. b3 Rfd8 17. Rd2 Rxd2 18. Bxd2 Rd8 19. Bc3 Na6 20. Nc4 Bxc4 21.
Qxc4 Bb4 22. Bf1 Qb6 23. Kg2 Bxc3 24. Qxc3 Rd4 25. Bxa6 Qxa6 26. Qf3 1/2-1/2

[Event "XXVII Festival Conca della Presolana A"]
[Site "Bratto - Castione della Presolana ITA"]
[Date "2007.08.31"]
[Round "9"]
[White "Salvador, Roland"]
[Black "Fierro Baquero, Martha Lorena"]
[Result "1/2-1/2"]
[WhiteElo "2461"]
[BlackElo "2344"]
[PlyCount "124"]
[EventDate "2007.08.23"]

1. d4 c5 2. d5 d6 3. e4 g6 4. Nc3 Bg7 5. Nf3 Nf6 6. Bb5+ Bd7 7. a4 O-O 8. O-O
Bg4 9. h3 Bxf3 10. Qxf3 a6 11. Be2 Nbd7 12. Qg3 Rb8 13. Re1 Ne8 14. a5 Nc7 15.
h4 b5 16. axb6 Rxb6 17. h5 Rb4 18. f4 Bd4+ 19. Kh2 e6 20. dxe6 fxe6 21. hxg6
Qf6 22. e5 dxe5 23. Ne4 Qxg6 24. c3 Bg1+ 25. Rxg1 Rxe4 26. Qxg6+ hxg6 27. Bd3
Rexf4 28. Bxf4 exf4 29. Rge1 Kf7 30. Bxa6 Kf6 31. Bc4 Ne5 32. Re4 g5 33. Rae1
Ng4+ 34. Kg1 Ne3 35. g3 e5 36. R4xe3 fxe3 37. Rf1+ Ke7 38. Rxf8 Kxf8 39. Kg2
Ne8 40. Kf3 Nd6 41. Be2 Ke7 42. Kxe3 Nf5+ 43. Kf3 e4+ 44. Kf2 Kd6 45. Bg4 Ne7
46. Be2 Ke5 47. Bf1 Nf5 48. b3 Ne7 49. Bc4 Nf5 50. Ba6 Ne7 51. Bb7 Nf5 52. Ba6
Ne7 53. Ke2 Nf5 54. g4 Nh6 55. Bc8 Kf4 56. b4 cxb4 57. cxb4 Nf7 58. b5 Ke5 59.
Bf5 Kd5 60. Ke3 Nd6 61. Bd7 Nc4+ 62. Kf2 Kd4 1/2-1/2

[Event "XXVII Festival Conca della Presolana A"]
[Site "Bratto - Castione della Presolana ITA"]
[Date "2007.08.31"]
[Round "9"]
[White "Sbarra, Marco"]
[Black "Pomaro, Alberto"]
[Result "1-0"]
[WhiteElo "2233"]
[BlackElo "2149"]
[PlyCount "66"]
[EventDate "2007.08.23"]

1. d4 Nf6 2. c4 g6 3. Nc3 Bg7 4. e4 d6 5. Nf3 O-O 6. Be2 e5 7. d5 a5 8. Bg5 h6
9. Bh4 Na6 10. Nd2 Bd7 11. O-O Qe8 12. Rb1 Nh7 13. f3 Bf6 14. Bf2 Qe7 15. Qe1
Bg5 16. b3 f5 17. a3 Bxd2 18. Qxd2 f4 19. b4 axb4 20. axb4 h5 21. c5 dxc5 22.
Bxa6 cxb4 23. Bxb7 Rab8 24. d6 cxd6 25. Rxb4 Be6 26. Rfb1 h4 27. Bd5 Rxb4 28.
Rxb4 h3 29. Bxe6+ Qxe6 30. Qd5 Qxd5 31. Nxd5 Ng5 32. Rb7 Ra8 33. Ba7 Nf7 1-0

[Event "XXVII Festival Conca della Presolana A"]
[Site "Bratto - Castione della Presolana ITA"]
[Date "2007.08.31"]
[Round "9"]
[White "Shytaj, Luca"]
[Black "Guido, Flavio"]
[Result "1-0"]
[WhiteElo "2451"]
[BlackElo "2331"]
[PlyCount "67"]
[EventDate "2007.08.23"]

1. e4 c5 2. Nf3 e6 3. d4 cxd4 4. Nxd4 Nc6 5. Nc3 d6 6. Be3 Nf6 7. Qd2 Be7 8. f3
O-O 9. g4 a6 10. O-O-O Nd7 11. h4 Nde5 12. Qf2 Bd7 13. Kb1 b5 14. g5 Qc7 15.
Nce2 Nc4 16. Bc1 b4 17. Nxc6 Bxc6 18. Nd4 Bb7 19. Bxc4 Qxc4 20. h5 a5 21. g6
Bf6 22. h6 fxg6 23. hxg7 Rf7 24. Qh2 Rxg7 25. b3 Qc5 26. Bb2 Re8 27. Nf5 Bxb2
28. Nh6+ Kh8 29. Kxb2 d5 30. e5 d4 31. Qf4 Rc7 32. Qf6+ Rg7 33. Nf7+ Kg8 34.
Nd6 {...} 1-0

[Event "XXVII Festival Conca della Presolana A"]
[Site "Bratto - Castione della Presolana ITA"]
[Date "2007.08.31"]
[Round "9"]
[White "Siebrecht, Sebastian"]
[Black "Bagaturov, Giorgi"]
[Result "1-0"]
[WhiteElo "2431"]
[BlackElo "2474"]
[PlyCount "42"]
[EventDate "2007.08.23"]

1. d4 Nf6 2. Nf3 e6 3. e3 c5 4. Bd3 Nc6 5. O-O d5 6. b3 Be7 7. Bb2 O-O 8. Nbd2
b6 9. Ne5 Nxe5 10. dxe5 Nd7 11. Qh5 g6 12. Qh6 f5 13. f4 Rf7 14. c4 Nf8 15.
Rad1 Bb7 16. Nf3 Qc7 17. h3 Rd8 18. g4 dxc4 19. bxc4 Rd7 20. gxf5 Bxf3 21. Rxf3
21... Rxf5 {...} 1-0

[Event "XXVII Festival Conca della Presolana A"]
[Site "Bratto - Castione della Presolana ITA"]
[Date "2007.08.31"]
[Round "9"]
[White "Stips, Felix"]
[Black "Castelfranchi, Carlo"]
[Result "1-0"]
[WhiteElo "2041"]
[BlackElo "2114"]
[PlyCount "47"]
[EventDate "2007.08.23"]

1. e4 Nf6 2. e5 Nd5 3. d4 d6 4. c4 Nb6 5. f4 dxe5 6. fxe5 Nc6 7. Be3 Bf5 8. Nc3
Nb4 9. Rc1 c5 10. d5 e6 11. d6 Na6 12. Nf3 f6 13. Nb5 Nd7 14. Bd3 Bxd3 15. Qxd3
Qa5+ 16. Bd2 Qb6 17. a4 Nxe5 18. Nxe5 fxe5 19. d7+ Kd8 20. Bg5+ Be7 21. Bxe7+
Kxe7 22. O-O Rad8 23. Rcd1 g5 24. Qf3 1-0

[Event "XXVII Festival Conca della Presolana A"]
[Site "Bratto - Castione della Presolana ITA"]
[Date "2007.08.31"]
[Round "9"]
[White "Tatai, Stefano"]
[Black "Brunello, Sabino"]
[Result "0-1"]
[WhiteElo "2334"]
[BlackElo "2475"]
[PlyCount "94"]
[EventDate "2007.08.23"]

1. e4 e5 2. Nf3 Nc6 3. Bb5 a6 4. Bxc6 dxc6 5. O-O Bg4 6. h3 Bh5 7. d3 Bd6 8.
Be3 Ne7 9. Nbd2 O-O 10. c4 b6 11. c5 bxc5 12. Qc2 f5 13. exf5 Bxf3 14. Nxf3
Rxf5 15. Nd2 Kh8 16. Ne4 Qe8 17. Bxc5 Qg6 18. Rae1 Raf8 19. Re3 h6 20. Rg3 Qe6
21. Qc4 Qd7 22. Rc1 R5f7 23. Be3 Qc8 24. Rg4 Qb7 25. Rc2 Qb5 26. Bc5 Nf5 27. b3
Qa5 28. Qc3 Qb5 29. a4 Qb8 30. Rb2 Qc8 31. Qc4 Qd8 32. Rd2 a5 33. Qc3 Qa8 34.
b4 axb4 35. Qxb4 Rb8 36. Qc4 Rff8 37. Ra2 Rb1+ 38. Kh2 Qa5 39. Qc3 Qxc3 40.
Nxc3 Rc1 41. Rc4 e4+ 42. Bxd6 Nxd6 43. Rxc6 exd3 44. f3 Nf5 45. Rc5 Ne3 46. Ne4
Rxc5 47. Nxc5 d2 0-1

[Event "XXVII Festival Conca della Presolana A"]
[Site "Bratto - Castione della Presolana ITA"]
[Date "2007.08.31"]
[Round "9"]
[White "Tocchioni, Doriano"]
[Black "Efimov, Igor"]
[Result "0-1"]
[WhiteElo "2261"]
[BlackElo "2426"]
[PlyCount "70"]
[EventDate "2007.08.23"]

1. d4 e6 2. Nf3 c5 3. g3 cxd4 4. Nxd4 Qb6 5. Bg2 Bc5 6. e3 Nc6 7. c3 d5 8. O-O
Nf6 9. a4 O-O 10. a5 Qc7 11. b4 Be7 12. Qb3 e5 13. Nxc6 bxc6 14. Ba3 Rb8 15.
Nd2 e4 16. Rfc1 Qe5 17. Qd1 h5 18. Qe1 h4 19. f4 Qh5 20. h3 hxg3 21. Qxg3 Ne8
22. Nf1 Nd6 23. Qh2 Nc4 24. Rc2 Rd8 25. Ng3 Qh4 26. Re2 Bf6 27. Bc1 Bxc3 28.
Rb1 Rxb4 29. Rxb4 Bxb4 30. Rc2 Bxa5 31. Bf1 Rd6 32. Nxe4 dxe4 33. Rxc4 Rg6+ 34.
Kh1 Ba6 35. f5 Rg3 0-1

[Event "XXVII Festival Conca della Presolana A"]
[Site "Bratto - Castione della Presolana ITA"]
[Date "2007.08.31"]
[Round "9"]
[White "Tramalloni, Luca"]
[Black "Bassis, Ivano"]
[Result "1/2-1/2"]
[WhiteElo "2111"]
[BlackElo "2026"]
[PlyCount "116"]
[EventDate "2007.08.23"]

1. d4 d5 2. c4 dxc4 3. Nf3 Nf6 4. e3 e6 5. Bxc4 c5 6. Qe2 a6 7. dxc5 Bxc5 8.
O-O b5 9. Bd3 Nc6 10. Rd1 Qc7 11. a4 b4 12. Nbd2 O-O 13. Nb3 Bd6 14. h3 Bb7 15.
e4 Ne5 16. Nxe5 Bxe5 17. g3 Rfd8 18. f4 Bd4+ 19. Nxd4 Rxd4 20. Be3 Rd7 21. Rac1
Qd8 22. e5 Nd5 23. Bc5 Rc8 24. Bd6 Qb6+ 25. Kh2 Rdd8 26. Be4 Qa5 27. Bxd5 Bxd5
28. Qd2 Qb6 29. Be7 Re8 30. Bxb4 Bb3 31. Rxc8 Rxc8 32. Ba5 Qc5 33. Qd8+ Qf8 34.
Qxf8+ Kxf8 35. Rd8+ Rxd8 36. Bxd8 Bxa4 37. Kg1 Ke8 38. Ba5 Kd7 39. Kf2 Kc6 40.
Ke3 Kb5 41. Bc3 Kc4 42. Ba5 Kb3 43. Bc3 Kc2 44. h4 Kd1 45. g4 Bb3 46. h5 Kc1
47. Kf3 Bd1+ 48. Kg3 Kc2 49. Kh4 Kd3 50. f5 Ke4 51. fxe6 fxe6 52. Kg3 g6 53. h6
Be2 54. Kh4 Kf4 55. g5 Bd1 56. Bd4 a5 57. Bc3 a4 58. Bd4 Be2 1/2-1/2

[Event "XXVII Festival Conca della Presolana A"]
[Site "Bratto - Castione della Presolana ITA"]
[Date "2007.08.31"]
[Round "9"]
[White "Valsecchi, Alessio"]
[Black "Piscopo, Pierluigi"]
[Result "1/2-1/2"]
[WhiteElo "2175"]
[BlackElo "2392"]
[PlyCount "117"]
[EventDate "2007.08.23"]

1. e4 c5 2. Nf3 Nc6 3. d4 cxd4 4. Nxd4 Nf6 5. Nc3 e5 6. Ndb5 d6 7. Bg5 a6 8.
Na3 b5 9. Bxf6 gxf6 10. Nd5 Bg7 11. g3 Ne7 12. Nxe7 Qxe7 13. c4 f5 14. cxb5 d5
15. Qa4 O-O 16. exd5 e4 17. Nc4 axb5 18. Qxa8 bxc4 19. Qb8 Bb7 20. d6 Qd7 21.
Qc7 Qb5 22. Bxc4 Qb4+ 23. Kf1 e3 24. Re1 Bxh1 25. d7 Bf6 26. Rxe3 Be4 27. f3
Qd2 28. Qc5 Qd4 29. Qxd4 Bxd4 30. Rb3 Bc2 31. Rb7 Rd8 32. b3 f4 33. a4 Kf8 34.
a5 Ke7 35. a6 Rxd7 36. Rxd7+ Kxd7 37. Bxf7 Bd3+ 38. Kg2 fxg3 39. hxg3 Bxa6 40.
Bc4 Bb7 41. b4 Kd6 42. b5 h6 43. g4 Be5 44. Bd3 Bd5 45. Be4 Bc4 46. b6 Kc5 47.
b7 Kd4 48. Kf2 Bf4 49. Bc6 Bd3 50. Be4 Bb5 51. Bb1 Bb8 52. Be4 Ba6 53. Kg2 Ke3
54. Kh3 Bb5 55. Kh4 Bf4 56. Kh5 Be8+ 57. Bg6 Bc6 58. Be4 Be8+ 59. Bg6 1/2-1/2

[Event "XXVII Festival Conca della Presolana A"]
[Site "Bratto - Castione della Presolana ITA"]
[Date "2007.08.31"]
[Round "9"]
[White "Vezzosi, Paolo"]
[Black "Manca, Federico"]
[Result "0-1"]
[WhiteElo "2302"]
[BlackElo "2417"]
[PlyCount "76"]
[EventDate "2007.08.23"]

1. e4 d6 2. d4 Nf6 3. Nc3 g6 4. Nf3 Bg7 5. h3 O-O 6. Be3 Nc6 7. d5 Ne5 8. Nxe5
dxe5 9. Bc4 a6 10. a4 Re8 11. O-O e6 12. Qf3 exd5 13. Nxd5 Nxd5 14. Bxd5 Qf6
15. Qe2 c6 16. Bc4 Be6 17. Bb6 Bf8 18. Rfd1 Be7 19. Bxe6 Qxe6 20. Rd3 Bd8 21.
Bxd8 Raxd8 22. Rad1 Rxd3 23. Qxd3 Kf8 24. b3 Qe7 25. Kf1 Qb4 26. Ke2 Kg7 27. f3
a5 28. Qe3 Re6 29. Qd2 Qc5 30. Qd3 b5 31. c4 bxa4 32. bxa4 Re7 33. Rb1 Re6 34.
Ra1 Re8 35. Rb1 Qe7 36. Qe3 Rd8 37. Rb6 Rd4 38. Rxc6 Qb7 0-1

[Event "XXVII Festival Conca della Presolana A"]
[Site "Bratto - Castione della Presolana ITA"]
[Date "2007.08.31"]
[Round "9"]
[White "Vocaturo, Daniele"]
[Black "Bonazzi, Edoardo"]
[Result "1-0"]
[WhiteElo "2459"]
[BlackElo "2185"]
[PlyCount "49"]
[EventDate "2007.08.23"]

1. e4 c6 2. c4 d5 3. exd5 cxd5 4. cxd5 Nf6 5. Nc3 Nxd5 6. Nf3 e6 7. Bc4 Be7 8.
O-O O-O 9. d4 Nc6 10. Re1 a6 11. Bb3 Nxc3 12. bxc3 Bf6 13. Bc2 b5 14. h4 Re8
15. Ng5 g6 16. Qf3 Bb7 17. d5 Na5 18. dxe6 fxe6 19. Qg3 Qd7 20. h5 Qg7 21. hxg6
hxg6 22. Nxe6 Bxc3 23. Re3 Qf6 24. Bxg6 Rxe6 25. Bf5+ 1-0

[Event "XXVII Festival Conca della Presolana A"]
[Site "Bratto - Castione della Presolana ITA"]
[Date "2007.08.31"]
[Round "9"]
[White "Wall, Gavin"]
[Black "Stella, Andrea"]
[Result "0-1"]
[WhiteElo "2328"]
[BlackElo "2132"]
[PlyCount "59"]
[EventDate "2007.08.23"]

1. e4 e6 2. d4 d5 3. e5 c5 4. c3 Nc6 5. Nf3 Qb6 6. a3 Nh6 7. b4 cxd4 8. cxd4
Nf5 9. Be3 f6 10. exf6 gxf6 11. Bd3 Nxe3 12. fxe3 e5 13. Nc3 Be6 14. Na4 Qc7
15. dxe5 fxe5 16. Ng5 Bg8 17. O-O O-O-O 18. Rc1 e4 19. Bb5 h6 20. Bxc6 bxc6 21.
b5 Bd6 22. Rxc6 Bxh2+ 23. Kf2 hxg5 24. Rxc7+ Bxc7 25. Qg4+ Kb8 26. Rc1 Rf8+ 27.
Ke2 Bf7 28. Kd2 Bh5 29. Qe6 Rf2+ 30. Kc3 0-1

[Event "XXVII Festival Conca della Presolana A"]
[Site "Bratto - Castione della Presolana ITA"]
[Date "2007.08.31"]
[Round "9"]
[White "Zimina, Olga"]
[Black "Lanzani, Mario"]
[Result "1/2-1/2"]
[WhiteElo "2377"]
[BlackElo "2336"]
[PlyCount "24"]
[EventDate "2007.08.23"]

1. e4 e5 2. Nf3 Nc6 3. Bc4 Nf6 4. d3 Bc5 5. O-O d6 6. c3 O-O 7. Bb3 a6 8. Nbd2
Ba7 9. Re1 Ng4 10. Re2 Kh8 11. h3 Nh6 12. Nf1 f5 1/2-1/2

[Event "XXVII Festival Conca della Presolana A"]
[Site "Bratto - Castione della Presolana ITA"]
[Date "2007.08.31"]
[Round "9"]
[White "Zoldan, Matteo"]
[Black "Chierici, Marianna"]
[Result "1-0"]
[WhiteElo "2128"]
[BlackElo "2004"]
[PlyCount "53"]
[EventDate "2007.08.23"]

1. c4 e5 2. Nc3 d6 3. g3 f5 4. Bg2 Nf6 5. d3 Be7 6. e3 O-O 7. Nge2 Nbd7 8. O-O
c6 9. Rb1 Qe8 10. b4 g5 11. f4 gxf4 12. exf4 Qg6 13. fxe5 dxe5 14. d4 exd4 15.
Qxd4 Bxb4 16. Rxb4 c5 17. Nd5 Rf7 18. Nxf6+ Rxf6 19. Qd5+ Qf7 20. Rb3 Nb6 21.
Qxf7+ Kxf7 22. Nf4 Rd6 23. Be3 Na4 24. Bxb7 Bxb7 25. Rxb7+ Kf6 26. Nd5+ Ke6 27.
Nc7+ 1-0

[Event "XXVII Festival Conca della Presolana B"]
[Site "Bratto - Castione della Presolana ITA"]
[Date "2007.08.24"]
[Round "1"]
[White "Acunzo, Domenico"]
[Black "Fiorili, Roberto"]
[Result "1/2-1/2"]
[WhiteElo "1776"]
[BlackElo "1946"]
[PlyCount "116"]
[EventDate "2007.08.24"]

1. e4 c5 2. Nf3 d6 3. h3 a6 4. c3 Nf6 5. Be2 Nxe4 6. Qa4+ Bd7 7. Qxe4 f5 8. Qc2
e5 9. d4 cxd4 10. cxd4 e4 11. Nfd2 Nc6 12. Nb3 Rc8 13. Nc3 Qf6 14. Qd1 g5 15.
Bh5+ Kd8 16. Nd5 Qg7 17. Nb6 Rc7 18. Nxd7 Kxd7 19. Bd2 Be7 20. Rc1 Rhc8 21. d5
Ne5 22. Rxc7+ Rxc7 23. O-O Nd3 24. Bc3 Bf6 25. Bxf6 Qxf6 26. Qd2 Nxb2 27. Rc1
Rxc1+ 28. Qxc1 Nd3 29. Qc4 Qb2 30. Qa4+ b5 31. Qd4 Qxd4 32. Nxd4 Nb4 33. a3
Nxd5 34. Nxf5 a5 35. Bd1 b4 36. Bb3 Kc6 37. axb4 Nxb4 38. Nd4+ Kb6 39. Kf1 Nd3
40. Bc2 Nc5 41. Ke2 a4 42. f3 exf3+ 43. gxf3 h5 44. Kd2 Ka5 45. Kc3 a3 46. Nb3+
Kb5 47. Nxc5 Kxc5 48. Kb3 Kd4 49. Kxa3 Ke3 50. Bd1 Kd2 51. f4 gxf4 52. Bxh5 Ke3
53. h4 Ke4 54. Bg6+ Ke5 55. h5 f3 56. h6 Kf6 57. Bd3 f2 58. Kb4 f1=Q 1/2-1/2